|
|
|
|
| LEADER |
00000cam a22000002c 4500 |
| 001 |
152200596X |
| 003 |
DE-627 |
| 005 |
20220603164317.0 |
| 007 |
tu |
| 008 |
151116s1994 xx ||||| 00| ||ger c |
| 035 |
|
|
|a (DE-627)152200596X
|
| 035 |
|
|
|a (DE-576)452005965
|
| 035 |
|
|
|a (DE-599)BSZ452005965
|
| 040 |
|
|
|a DE-627
|b ger
|c DE-627
|e rakwb
|
| 041 |
|
|
|a ger
|
| 245 |
0 |
0 |
|a Polizei gegen fremdenfeindliche Gewalt
|b Bilanz - Statistik - Ausblick
|
| 264 |
|
1 |
|a Düsseldorf
|b Selbstverlag
|c 1994
|
| 300 |
|
|
|a 30 S, S.
|
| 336 |
|
|
|a Text
|b txt
|2 rdacontent
|
| 337 |
|
|
|a ohne Hilfsmittel zu benutzen
|b n
|2 rdamedia
|
| 338 |
|
|
|a Band
|b nc
|2 rdacarrier
|
| 583 |
1 |
|
|a Archivierung prüfen
|c 20200919
|f DE-640
|z 1
|2 pdager
|
| 710 |
2 |
|
|a Innenministerium des Landes Nordrhein-Westfalen
|0 (DE-588)16294609-0
|0 (DE-627)711788294
|0 (DE-576)130680508
|4 oth
|
| 951 |
|
|
|a BO
|
| ELC |
|
|
|b 1
|
| LOK |
|
|
|0 000 xxxxxcx a22 zn 4500
|
| LOK |
|
|
|0 001 287330233X
|
| LOK |
|
|
|0 003 DE-627
|
| LOK |
|
|
|0 004 152200596X
|
| LOK |
|
|
|0 005 20151116135600
|
| LOK |
|
|
|0 008 150728||||||||||||||||ger|||||||
|
| LOK |
|
|
|0 035
|a (DE-21-110)kd18450
|
| LOK |
|
|
|0 040
|a DE-21-110
|c DE-627
|d DE-21-110
|
| LOK |
|
|
|0 689
|a s
|a Fremdenfeindliche Gewalt
|
| LOK |
|
|
|0 689
|a s
|a Bekämpfung
|
| LOK |
|
|
|0 852
|a DE-21-110
|
| LOK |
|
|
|0 852 1
|c C IX 329
|m p
|9 00
|
| LOK |
|
|
|0 935
|a k110
|
| LOK |
|
|
|0 938
|k p
|
| LOK |
|
|
|0 939
|a 28-07-15
|b l01
|
| ORI |
|
|
|a SA-MARC-krimdoka001.raw
|
| SIG |
|
|
|a IFK: C IX 329
|